Populismus v západní Evropě

Vznik a zdroje populizmu v západnej Európe. Tri hlavné typy populistických hnutí v Európe. Nebezpečie populizmu.

Gespeichert in:
Bibliographische Detailangaben
1. Verfasser: Eichler, Jan
Format: Buchkapitel
Sprache:Tschechisch
Schlagworte:
Tags: Tag hinzufügen
Keine Tags, Fügen Sie das erste Tag hinzu!

MARC

LEADER 00000naa a2200000 4500
001 r046422
005 20231004105340.5
041 0 |a cze 
044 |a CZ 
245 1 0 |a Populismus v západní Evropě  |c Jan Eichler 
520 |a Vznik a zdroje populizmu v západnej Európe. Tri hlavné typy populistických hnutí v Európe. Nebezpečie populizmu. 
610 2 0 |a politika medzinárodná 
610 2 0 |a Európa 
610 2 0 |a strany politické 
610 2 0 |a nacionalizmus 
610 2 0 |a Rakúsko 
100 1 |a Eichler, Jan